|
|
|
|
| LEADER |
01893nam a2200457 4500 |
| 001 |
ocn703285047 |
| 003 |
OCoLC |
| 005 |
20180501121940.0 |
| 006 |
m o d |
| 007 |
cr cnu---unuuu |
| 008 |
110222s2010 enk o 000 0 eng d |
| 040 |
|
|
|a N$T
|b eng
|e pn
|c N$T
|d CDX
|d OCLCQ
|d OPELS
|d OCLCQ
|d OCLCF
|d OCLCQ
|d OCLCA
|d GrThAP
|
| 019 |
|
|
|a 700709023
|
| 020 |
|
|
|a 9780123808905
|q (electronic bk.)
|
| 020 |
|
|
|a 0123808901
|q (electronic bk.)
|
| 020 |
|
|
|a 9780123808912
|q (electronic bk.)
|
| 020 |
|
|
|a 012380891X
|q (electronic bk.)
|
| 024 |
8 |
|
|a 9786612954801
|
| 035 |
|
|
|a (OCoLC)703285047
|z (OCoLC)700709023
|
| 050 |
|
4 |
|a RC267
|b .A38 2010eb
|
| 072 |
|
7 |
|a MED
|x 062000
|2 bisacsh
|
| 072 |
|
7 |
|a HEA
|x 039030
|2 bisacsh
|
| 082 |
0 |
4 |
|a 616.9940072
|2 22
|
| 049 |
|
|
|a TEFA
|
| 245 |
0 |
0 |
|a Advances in cancer research.
|n Vol. 109 /
|c edited by George F. Vande Woude and George Klein.
|
| 260 |
|
|
|a London :
|b Academic Press,
|c 2010.
|
| 300 |
|
|
|a 1 online resource (vii, 147 pages)
|
| 336 |
|
|
|a text
|b txt
|2 rdacontent
|
| 337 |
|
|
|a computer
|b c
|2 rdamedia
|
| 338 |
|
|
|a online resource
|b cr
|2 rdacarrier
|
| 588 |
0 |
|
|a Print version record.
|
| 520 |
|
|
|a Advances in Cancer Research provides invaluable information on the exciting and fast-moving field of cancer research. Here, once again, outstanding and original reviews are presented on a variety of topics.
|
| 650 |
|
0 |
|a Cancer
|x Research.
|
| 650 |
|
7 |
|a MEDICAL
|x Oncology.
|2 bisacsh
|
| 650 |
|
7 |
|a HEALTH & FITNESS
|x Diseases
|x Cancer.
|2 bisacsh
|
| 650 |
|
7 |
|a Cancer
|x Research.
|2 fast
|0 (OCoLC)fst00845497
|
| 655 |
|
4 |
|a Electronic books.
|
| 700 |
1 |
|
|a Vande Woude, George F.
|
| 700 |
1 |
|
|a Klein, George,
|d 1925-2016.
|
| 776 |
0 |
8 |
|i Print version:
|t Advances in cancer research. Vol. 109.
|d London : Academic, 2010
|z 9780123808905
|w (OCoLC)659229797
|
| 856 |
4 |
0 |
|u https://www.sciencedirect.com/science/bookseries/0065230X/109
|z Full Text via HEAL-Link
|